000 00438nam a2200181Ia 4500
001 8412
005 20260306160607.0
008 260306t2011||||xx |||||||||||||| ||spa||
041 _aESP
082 _a370.85
_bU61
100 _aUniversidad César Vallejo
_eAUT
245 0 _aRealidad educativa nacional regional
260 _c2011
300 _a264 páginas :
_c21 cm.
650 _aGEN
654 _aCED
942 _cLIB
_dJUS
_fJUS
_2ddc
_n
999 _c8412
_d8412